000 00802nas a2200265 4500
001 BR2012006043
003 BR-BrBNA
005 20231205121000.0
007 ta
008 230509b bl.|||p| |||| 00| 00por d
040 _aBR-BrBNA
_bpor
_cBiblioteca Nacional de Agricultura
041 _a(Pt)
072 _aH20
100 1 _aMiranda, V.S.
100 1 _aNascimento, M.M. do
100 1 _aPoltronieri, L.S.
245 1 _aEtiologia de Bipolaris incurvata, agente causal da mancha foliar do coqueiro
650 _aCOCO
650 _aDOENÇA DE PLANTA
650 _aMANCHA FOLIAR
650 _aFUNGO
773 0 _tRevista de Ciências Agrárias (Brazil)
_xISSN 1517-591X
_g(Jan-Jun 2010), v. 53(1) p. 64-68
_wBR2012006043
909 _a202311
_bLúcia
_c55
_dLúcia Elande
942 _2AGRIS
_n0
_cANA
999 _c221304
_d221304